000 01054cam a2200241 4500
001 WB3706-15
008 000000n2001 000 0 eng u
035 _a(Sirsi) u110846
245 _aEuropean Commission capital adequacy proposals
260 _c2001
490 _aFSA Press Release
_v(019) 5 February 2001, (3)
520 _aThe Financial Services Authority (FSA) welcomes European Commission recommendations for the review of capital adequacy. Revisions to the Basel Accord and EU capital regimes should be implemented by the end of 2004 and will affect all UK banks, building societies, securities firms, fund managers and some IFAs. The commission document is available at: http://www.europa.eu.int/comm/internal_market.
590 _aWB
650 _aBANKS
650 _aBUILDING SOCIETIES
650 _aFINANCIAL SERVICES AUTHORITY
650 _aREGULATIONS
650 _aEUROPEAN UNION
650 _aBASEL ACCORD
650 _aCAPITAL ADEQUACY
690 _aMANAGEMENT-BUSINESS MANAGEMENT-FINANCIAL MANAGEMENT
942 _n0
999 _c66081
_d66081